000 00323nam a2200157Ia 4500
100 _aGast/Matthew S
650 _aWireless
942 _cBK
366 _f20
245 _a802.11 wireless networks
260 _bOreilly
_c2010
082 _a621.382
_bGAS
300 _a630
546 _aENGLISH
_cComputers
999 _c31140
_d31140